Popularne zagraniczne piosenki w Polsce. 21-28.01 Spotify - Statystyki

Ogólne statystyki
  • Ten quiz został rozwiązany 6 razy
  • Średni wynik to 9 z 30
Statystyki odpowiedzi
Wykonawca Odsłuchania Utwór % Poprawnych
The Weeknd 349K Blinding Lights
83%
Harry Styles 234K Watermelon Sugar
83%
Olivia Rodrigo 941K drivers license
67%
Dua Lipa, DaBaby 334K Levitating
67%
Shawn Mendes, Justin Bieber 263K Monster
67%
24kGoldn, iann dior 391K Mood
67%
The Weeknd 443K Save Your Tears
67%
Justin Bieber, benny blanco 234K Lonely
50%
Ariana Grande 250K positions
50%
Joel Corry, MNEK 283K Head & Heart
33%
Internet Money, Gunna, Don Toliver, NAV 216K Lemonade
33%
MEDUZA, Dermot Kennedy 315K Paradise
33%
Miley Cyrus, Dua Lipa 278K Prisoner
33%
Tiesto 482K The Business
33%
Billie Eilish 292K Therefore I Am
33%
Tate McRae 300K you broke me first
33%
The Neighbourhood 210K Daddy Issues
17%
Conan Gray 198K Heather
17%
Billie Eilish, ROSALIA 297K Lo Vas A Olvidar
17%
SAINt JHN, Imanbek 232K Roses
17%
Doja Cat 298K Streets
17%
The Neighbourhood 288K Sweater Weather
17%
Robin Schulz, KIDDO 309K All We Got
0%
Bring Me The Horizon 195K Can You Feel My Heart
0%
Alok, Ilkay Sencan, Tove Lo 285K Don't Say Goodbye
0%
Ofenbach, Quarterhead, Norman Jean Martine 263K Head Shoulders Knees & Toes
0%
Purple Disco Machine, Sophie and the Giants 229K Hipnotized
0%
Lil Nas X 203K HOLIDAY
0%
Miley Cyrus 192K Midnight Sky
0%
The Kid LAROI 196K WITHOUT YOU
0%
Nie znaleziono quizów pasujących do podanych kryteriów
Rozkład punktacji
Procent ludzi z każdym wynikiem
Percentyl według liczby udzielonych odpowiedzi
Twoja historia wyników
Nie rozwiązałeś tego quizu